Central Library OPAC University of Rajshahi

Person perception and interpersonal behavior / (Record no. 67443)

MARC details
000 -LEADER
fixed length control field 00830nam a2200265 a 4500
001 - CONTROL NUMBER
control field 67443
003 - CONTROL NUMBER IDENTIFIER
rucl marc code BD-RjUL
005 - DATE AND TIME OF LATEST TRANSACTION
control field 20211209081645.0
008 - FIXED-LENGTH DATA ELEMENTS--GENERAL INFORMATION
fixed length control field 170325s1958 caua b 001 0 eng d
035 ## - SYSTEM CONTROL NUMBER
System control number (BD-RjUL)67574
System control number (OCoLC)194154
040 ## - CATALOGING SOURCE
Original cataloging agency DLC
Transcribing agency ODaWU
Modifying agency OCoLC
-- Uk
-- DLC
Language of cataloging eng
041 ## - LANGUAGE CODE
Language code of text/sound track or separate title eng
082 ## - DEWEY DECIMAL CLASSIFICATION NUMBER
Edition number 23
Classification number 153.7
Author mark and year PER 1958.
245 10 - TITLE STATEMENT
Title Person perception and interpersonal behavior /
Statement of responsibility, etc. edited by Renato Tagiuri and Luigi Petrullo.
260 ## - PUBLICATION, DISTRIBUTION, ETC. (IMPRINT)
Place of publication, distribution, etc. Stanford :
Name of publisher, distributor, etc. Stanford University Press,
Date of publication, distribution, etc. c1958.
300 ## - PHYSICAL DESCRIPTION
Pagination xx, 390 p. :
Illustrations ill. ;
Size 25 cm.
504 ## - BIBLIOGRAPHY, ETC. NOTE
Bibliography, etc Includes bibliographies and indexes.
650 #0 - SUBJECT ADDED ENTRY--TOPICAL TERM
Topical term or geographic name as entry element Perception.
9 (RLIN) 199848
Topical term or geographic name as entry element Interpersonal relations.
9 (RLIN) 199849
700 1# - ADDED ENTRY--PERSONAL NAME
Personal name Tagiuri, Renato.
Personal name Petrullo, Luigi,
942 ## - ADDED ENTRY ELEMENTS (KOHA)
Source of classification or shelving scheme Dewey Decimal Classification
Koha item type Books
Holdings
Lost status Source of classification or shelving scheme Damaged status Not for loan Collection code Permanent Location Current Location Shelving location Date acquired Total Checkouts Full call number Date last seen Copy number Koha item type
  Dewey Decimal Classification   Not For Loan Non-fiction Central Library, University of Rajshahi Central Library, University of Rajshahi Reading Room 29/08/1990   153.7 PER 1958. 25/03/2017 C-1 Books